LIBRARY ONLINE CATALOGUE

Conservation and use of agro-ecological diversity / (Record no. 8450)

MARC details
000 -LEADER
fixed length control field 00732nam a22002292 4500
001 - CONTROL NUMBER
control field 0000013117
005 - DATE AND TIME OF LATEST TRANSACTION
control field 20151217152122.0
008 - FIXED-LENGTH DATA ELEMENTS--GENERAL INFORMATION
fixed length control field 090604s xx 000 0 eng d
020 ## - INTERNATIONAL STANDARD BOOK NUMBER
International Standard Book Number 9966410392 :
040 ## - CATALOGING SOURCE
Original cataloging agency KABU
Transcribing agency KABU
100 1# - MAIN ENTRY--PERSONAL NAME
Personal name Cohen, Joel I.
-- 0000170240
245 10 - TITLE STATEMENT
Title Conservation and use of agro-ecological diversity /
Statement of responsibility, etc. Joel I. Cohen.
250 ## - EDITION STATEMENT
Edition statement 1st ed.
260 ## - PUBLICATION, DISTRIBUTION, ETC. (IMPRINT)
Place of publication, distribution, etc. Nairobi :
Name of publisher, distributor, etc. ACTS,
Date of publication, distribution, etc. 1992.
300 ## - PHYSICAL DESCRIPTION
Extent iv, 26 p.
650 #0 - SUBJECT ADDED ENTRY--TOPICAL TERM
Topical term or geographic name as entry element Genetic resource conservation.
-- 0000170241
650 #0 - SUBJECT ADDED ENTRY--TOPICAL TERM
Topical term or geographic name as entry element Agrobiodiversity conservation.
-- 0000163266
852 1# - LOCATION
-- p100 KES
852 1# - LOCATION
-- p100 KES
908 ## - PUT COMMAND PARAMETER (RLIN)
Put command parameter 090604
950 ## - LOCAL HOLDINGS (RLIN)
-- 1
Holdings
Withdrawn status Lost status Source of classification or shelving scheme Not for loan Home library Current library Date acquired Total Checkouts Full call number Barcode Date last seen Price effective from Koha item type
    Library of Congress Classification   Kabarak, Main Campus Kabarak, Main Campus 17/12/2015   S494.3 .C64 1992 c. 1 17767 17/12/2015 17/12/2015 General Collection
    Library of Congress Classification   Kabarak, Main Campus Kabarak, Main Campus 17/12/2015   S494.3 .C64 1992 c. 2 17768 17/12/2015 17/12/2015 General Collection